000
00191 a2200085 4500
020
_a
9789386648846
100
_a
Dhiman,Vivek
245
_a
DBS Handbook of Urban Development
260
_b
DBS
_c
2024
999
_c
13129
_d
13129